Online
Catalog

Asalto a la ilusión : (Record no. 41968)

MARC details
000 -CABECERA
campo de control de longitud fija 00784nam a2200205 a 4500
001 - NÚMERO DE CONTROL
campo de control 000042479
005 - FECHA Y HORA DE LA ÚLTIMA TRANSACCIÓN
campo de control 20201002040159.0
008 - DATOS DE LONGITUD FIJA--INFORMACIÓN GENERAL
campo de control de longitud fija 131204s1990 ag 000 0 spa d
020 ## - NÚMERO INTERNACIONAL ESTÁNDAR DEL LIBRO
Número Internacional Estándar del Libro 9507420134
040 ## - FUENTE DE LA CATALOGACIÓN
Centro catalogador/agencia de origen DO-SdBNP
Lengua de catalogación spa
Centro/agencia transcriptor BNPHU
082 ## - NÚMERO DE LA CLASIFICACIÓN DECIMAL DEWEY
Número de clasificación xxxx
Número de documento/Ítem M828a
100 1# - ENTRADA PRINCIPAL--NOMBRE DE PERSONA
Nombre de persona Morales Solá, Joaquín,
Fechas asociadas al nombre 1949-
9 (RLIN) 69661
245 10 - MENCIÓN DE TÍTULO
Título Asalto a la ilusión :
Resto del título historia secreta del poder en la Argentina desde 1983 /
Mención de responsabilidad, etc. Joaquín Morales Solá.
260 ## - PUBLICACIÓN, DISTRIBUCIÓN, ETC.
Lugar de publicación, distribución, etc. Buenos Aires, Argentina :
Nombre del editor, distribuidor, etc. Planeta,
Fecha de publicación, distribución, etc. 1990.
300 ## - DESCRIPCIÓN FÍSICA
Extensión 348 p. ;
Dimensiones 23 cm.
490 1# - MENCIÓN DE SERIE
Mención de serie Espejo de la Argentina
500 ## - NOTA GENERAL
Nota general Cubierta de subtítulos: Historia secreta del poder en la Argentina desde 1983.
500 ## - NOTA GENERAL
Nota general Incluye referencias bibliográficas y notas al pie de las páginas.
830 #0 - PUNTO DE ACCESO ADICIONAL DE SERIE-TÍTULO UNIFORME
Título uniforme Espejo de la Argentina
9 (RLIN) 69662
Holdings
Estado de retiro Estado de pérdida Restricciones de uso No para préstamo Código de colección Localización permanente Ubicación/localización actual Ubicación en estantería Fecha de adquisición Número de inventario Total de préstamos Signatura topográfica completa Código de barras Fecha visto por última vez Precio válido a partir de Tipo de ítem Koha
      Excluido de préstamo Monografías: Libros y Folletos General General En catalogación 04.12.2013 LF1   xxxx M828a 42479-10 25.06.2020 25.06.2020 No se presta

Powered by Koha